<?xml version="1.0" encoding="UTF-8"?>
<record
    xmlns:xsi="http://www.w3.org/2001/XMLSchema-instance"
    xsi:schemaLocation="http://www.loc.gov/MARC21/slim http://www.loc.gov/standards/marcxml/schema/MARC21slim.xsd"
    xmlns="http://www.loc.gov/MARC21/slim">

  <leader>02026nam a22002297a 4500</leader>
  <controlfield tag="001">6634</controlfield>
  <controlfield tag="003">FISKH</controlfield>
  <controlfield tag="005">20250519101201.0</controlfield>
  <controlfield tag="008">250516b        cb ||||| |||| 00| 0 eng d</controlfield>
  <datafield tag="040" ind1=" " ind2=" ">
    <subfield code="a">FISKH</subfield>
    <subfield code="b">khr</subfield>
    <subfield code="c">FISKH</subfield>
    <subfield code="d">FISKH</subfield>
  </datafield>
  <datafield tag="082" ind1=" " ind2=" ">
    <subfield code="a">297.382325</subfield>
  </datafield>
  <datafield tag="100" ind1=" " ind2=" ">
    <subfield code="a">Gnok, Them</subfield>
  </datafield>
  <datafield tag="245" ind1=" " ind2=" ">
    <subfield code="a">&#x179F;&#x1784;&#x17D2;&#x1781;&#x17C1;&#x1794; &#x1798;&#x17A0;&#x17B6;&#x179C;&#x17C1;&#x179F;&#x17D2;&#x179F;&#x1793;&#x17D2;&#x178F;&#x179A;&#x1787;&#x17B6;&#x178F;&#x1780; ( &#x1796;&#x17B8;&#x1780;&#x178E;&#x17D2;&#x178C;&#x1791;&#x179F;&#x1796;&#x179A; &#x178A;&#x179B;&#x17CB; &#x1793;&#x1782;&#x179A;&#x1780;&#x178E;&#x17D2;&#x178C; ) /</subfield>
    <subfield code="c">&#x1793;&#x17B7;&#x1796;&#x1793;&#x17D2;&#x1792;&#x178A;&#x17C4;&#x1799; &#x179B;&#x17C4;&#x1780; &#x1789;&#x17C9;&#x17BB;&#x1780;&#x200B; &#x1790;&#x17C2;&#x1798;&#x200B;</subfield>
  </datafield>
  <datafield tag="260" ind1=" " ind2=" ">
    <subfield code="a">&#x1797;&#x17D2;&#x1793;&#x17C6;&#x1796;&#x17C1;&#x1789; :</subfield>
  </datafield>
  <datafield tag="300" ind1=" " ind2=" ">
    <subfield code="a">37 pages : </subfield>
    <subfield code="b">illustrations ;</subfield>
    <subfield code="c">21 cm . </subfield>
  </datafield>
  <datafield tag="520" ind1=" " ind2=" ">
    <subfield code="a">&#x1798;&#x17A0;&#x17B6;&#x179C;&#x17C1;&#x179F;&#x17D2;&#x179F;&#x1793;&#x17D2;&#x178F;&#x179A;&#x1787;&#x17B6;&#x178F;&#x1780; &#x1782;&#x17BA;&#x1787;&#x17B6;&#x1787;&#x17B6;&#x178F;&#x1780;&#x1791;&#x17B8; &#x17E1;&#x17E0; &#x178A;&#x17C2;&#x179B;&#x1787;&#x17B6;&#x1787;&#x17B6;&#x178F;&#x1780;&#x1785;&#x17BB;&#x1784;&#x1780;&#x17D2;&#x179A;&#x17C4;&#x1799;&#x1780;&#x17D2;&#x1793;&#x17BB;&#x1784;&#x1785;&#x17C6;&#x178E;&#x17C4;&#x1798; &#x17E1;&#x17E0; &#x1787;&#x17B6;&#x178F;&#x1780;&#x178A;&#x17CF;&#x179F;&#x17C6;&#x1781;&#x17B6;&#x1793;&#x17CB; (&#x1791;&#x179F;&#x1794;&#x17B6;&#x179A;&#x1798;&#x17B8;&#x1787;&#x17B6;&#x178F;&#x1780;) &#x178A;&#x17C2;&#x179B;&#x1796;&#x17D2;&#x179A;&#x17C7;&#x1796;&#x17BB;&#x1791;&#x17D2;&#x1792;&#x1794;&#x17B6;&#x1793;&#x1794;&#x17D2;&#x179A;&#x17B6;&#x1794;&#x17CB;&#x17A2;&#x17C6;&#x1796;&#x17B8;&#x1787;&#x17B8;&#x179C;&#x17B7;&#x178F;&#x1785;&#x17BB;&#x1784;&#x1780;&#x17D2;&#x179A;&#x17C4;&#x1799;&#x179A;&#x1794;&#x179F;&#x17CB;&#x1796;&#x17D2;&#x179A;&#x17C7;&#x17A2;&#x1784;&#x17D2;&#x1782;&#x1793;&#x17C5;&#x1796;&#x17C1;&#x179B;&#x178A;&#x17C2;&#x179B;&#x1787;&#x17B6;&#x1787;&#x1793;&#x179A;&#x17BD;&#x1798;&#x179F;&#x17B6;&#x179F;&#x1793;&#x17CD;&#x1798;&#x17BD;&#x1799;&#x1788;&#x17D2;&#x1798;&#x17C4;&#x17C7;&#x1796;&#x17D2;&#x179A;&#x17C7;&#x179C;&#x17C1;&#x179F;&#x17D2;&#x179F;&#x1793;&#x17D2;&#x178F;&#x179A;&#x17D4; &#x1787;&#x17B6;&#x178F;&#x1780;&#x1793;&#x17C1;&#x17C7;&#x1794;&#x1784;&#x17D2;&#x17A0;&#x17B6;&#x1789;&#x1796;&#x17B8;&#x1780;&#x17B6;&#x179A;&#x1794;&#x17C6;&#x1795;&#x17BB;&#x179F;&#x1782;&#x17BB;&#x178E;&#x1792;&#x1798;&#x17CC; &#x1791;&#x17B6;&#x1793;&#x1794;&#x17B6;&#x179A;&#x1798;&#x17B8; (&#x1780;&#x17B6;&#x179A;&#x1795;&#x17D2;&#x178F;&#x179B;&#x17CB;&#x1787;&#x17BC;&#x1793;&#x1787;&#x17B6;&#x1794;&#x17D2;&#x179A;&#x1785;&#x17B6;&#x17C6;) &#x178A;&#x17CF;&#x17A2;&#x179F;&#x17D2;&#x1785;&#x17B6;&#x179A;&#x17D2;&#x1799;&#x179A;&#x1794;&#x179F;&#x17CB;&#x1796;&#x17D2;&#x179A;&#x17C7;&#x17A2;&#x1784;&#x17D2;&#x1782;&#x17D4;</subfield>
  </datafield>
  <datafield tag="520" ind1=" " ind2=" ">
    <subfield code="a">The Mah&#x101;vesantara J&#x101;taka is the 10th and final J&#x101;taka in the collection of the Ten Great J&#x101;takas (Dasabodhisattuppatti J&#x101;taka), which recount the past lives of the Buddha. It tells the story of the Buddha's final existence as a Bodhisattva before attaining enlightenment, in the form of a prince named Vessantara. This J&#x101;taka illustrates the perfection of D&#x101;na P&#x101;ram&#x12B;&#x2014;the virtue of generosity&#x2014;demonstrated in its most extraordinary and selfless form by Prince Vessantara.</subfield>
  </datafield>
  <datafield tag="650" ind1=" " ind2=" ">
    <subfield code="a">&#x1798;&#x17A0;&#x17B6;&#x179C;&#x17C1;&#x179F;&#x17D2;&#x179F;&#x1793;&#x17D2;&#x178F;&#x179A;&#x1787;&#x17B6;&#x178F;&#x1780; </subfield>
  </datafield>
  <datafield tag="650" ind1=" " ind2=" ">
    <subfield code="a">Moha ve sorn de chea dork</subfield>
  </datafield>
  <datafield tag="942" ind1=" " ind2=" ">
    <subfield code="2">ddc</subfield>
    <subfield code="c">KHB</subfield>
    <subfield code="n">0</subfield>
  </datafield>
  <datafield tag="999" ind1=" " ind2=" ">
    <subfield code="c">6634</subfield>
    <subfield code="d">6634</subfield>
  </datafield>
  <datafield tag="952" ind1=" " ind2=" ">
    <subfield code="0">0</subfield>
    <subfield code="1">0</subfield>
    <subfield code="2">ddc</subfield>
    <subfield code="4">0</subfield>
    <subfield code="7">0</subfield>
    <subfield code="8">KH</subfield>
    <subfield code="a">002</subfield>
    <subfield code="b">002</subfield>
    <subfield code="c">SKB</subfield>
    <subfield code="d">2025-05-16</subfield>
    <subfield code="l">0</subfield>
    <subfield code="o">THE 297.382325 </subfield>
    <subfield code="p">FISSE02079</subfield>
    <subfield code="r">2025-05-16 12:33:11</subfield>
    <subfield code="t">1</subfield>
    <subfield code="w">2025-05-16</subfield>
    <subfield code="y">KHB</subfield>
  </datafield>
  <datafield tag="952" ind1=" " ind2=" ">
    <subfield code="0">0</subfield>
    <subfield code="1">0</subfield>
    <subfield code="2">ddc</subfield>
    <subfield code="4">0</subfield>
    <subfield code="7">0</subfield>
    <subfield code="8">KH</subfield>
    <subfield code="a">002</subfield>
    <subfield code="b">002</subfield>
    <subfield code="c">SKB</subfield>
    <subfield code="d">2025-05-16</subfield>
    <subfield code="l">0</subfield>
    <subfield code="o">THE 297.382325 </subfield>
    <subfield code="p">FISSE02062</subfield>
    <subfield code="r">2025-05-16 12:34:21</subfield>
    <subfield code="t">2</subfield>
    <subfield code="w">2025-05-16</subfield>
    <subfield code="y">KHB</subfield>
  </datafield>
  <datafield tag="952" ind1=" " ind2=" ">
    <subfield code="0">0</subfield>
    <subfield code="1">0</subfield>
    <subfield code="2">ddc</subfield>
    <subfield code="4">0</subfield>
    <subfield code="7">0</subfield>
    <subfield code="8">KH</subfield>
    <subfield code="a">002</subfield>
    <subfield code="b">002</subfield>
    <subfield code="c">SKB</subfield>
    <subfield code="d">2025-05-16</subfield>
    <subfield code="l">0</subfield>
    <subfield code="o">THE 297.382325 </subfield>
    <subfield code="p">FISSE02135</subfield>
    <subfield code="r">2025-05-16 12:34:32</subfield>
    <subfield code="t">3</subfield>
    <subfield code="w">2025-05-16</subfield>
    <subfield code="y">KHB</subfield>
  </datafield>
</record>
